[Event "9. Miedzynardowy Turniej Klubu Polonia Wroclaw<br/>Turniej OPEN"]
[Site "Wroclaw"]
[Date "2014-07-05"]
[Round "3.19"]
[White "Dzikowski, Michal"]
[Black "Ochowicz, Jakub"]
[Result "1/2-1/2"]
[WhiteTitle "I"]
[BlackTitle "II"]
[WhiteElo "1968"]
[BlackElo "1692"]

1. Nf3 Nf6 2. g3 g6 3. Bg2 Bg7 4. O-O O-O 5. d3 d6 6. e4 e5 7. c3 Nbd7 8. Ne1 c6
9. h3 Ne8 10. f4 Nb6 11. Be3 Be6 12. f5 Bd7 13. Qd2 f6 14. h4 Qe7 15. a4 Rd8 16.
a5 Nc8 17. g4 Nc7 18. c4 Be8 19. Nc3 Bf7 20. g5 d5 21. fxg6 hxg6 22. cxd5 cxd5
23. gxf6 Bxf6 24. Bh6 Rfe8 25. exd5 Nxd5 26. Nxd5 Bxd5 27. Bxd5+ Rxd5 28. Qg2
Rd6 29. Qxg6+ Kh8 30. Ng2 Rg8 31. Qf5 Bxh4 32. Bf8 Qg5 33. Qxg5 Rxg5 34. Bxd6
Nxd6 35. Rf3 Bg3 36. Kf1 Nb5 37. Rf7 Nd4 38. Rc1 Kg8 39. Rcc7 e4 40. dxe4 Bxc7
41. Rxc7 Rg7 42. Rc4 Nb3 43. Rc8+ Kh7 44. Ne3 Nxa5 45. Ke2 Kg6 46. Nf5 Rd7 47.
Ke3 Nc6 48. Re8 Kf7 49. Rh8 Ne5 1/2-1/2

[Event "9. Miedzynardowy Turniej Klubu Polonia Wroclaw<br/>Turniej OPEN"]
[Site "Wroclaw"]
[Date "2014-07-05"]
[Round "3.20"]
[White "Kosinski, Bartosz"]
[Black "Somyk, Marcin"]
[Result "0-1"]
[WhiteTitle "II"]
[BlackTitle "I++"]
[WhiteElo "1539"]
[BlackElo "1965"]

1. e4 e6 2. d4 c5 3. c3 d5 4. e5 Nc6 5. Nf3 Nh6 6. Be2 f6 7. O-O Nf7 8. exf6 Qxf6
9. Be3 cxd4 10. cxd4 Bd6 11. Nc3 O-O 12. Qd2 Bd7 13. Nb5 Bb8 14. Rfd1 a6 15. Nc3
Bd6 16. Bd3 Nb4 17. Bb1 Rac8 18. a3 Nc6 19. Na4 Be8 20. Nb6 Rb8 21. Bg5 Nxg5 22.
Qxg5 Bc7 23. Na4 Bf4 24. Qxf6 gxf6 25. Nc5 Kf7 26. g3 Bd6 27. b4 a5 28. b5 Nxd4
29. Nxd4 Bxc5 30. a4 Bd7 31. f4 e5 32. fxe5 fxe5 33. Ra2 Bxd4+ 34. Kg2 Kg7 35.
h3 Rbc8 36. Re2 Bf5 37. Bxf5 Rxf5 38. g4 Rf7 39. Rdd2 Rc1 40. Rc2 Rxc2 41. Rxc2
e4 42. Rd2 e3 0-1

[Event "9. Miedzynardowy Turniej Klubu Polonia Wroclaw<br/>Turniej OPEN"]
[Site "Wroclaw"]
[Date "2014-07-05"]
[Round "3.21"]
[White "Krokay, Urszula"]
[Black "Stelmaszuk, Maciej"]
[Result "1-0"]
[WhiteTitle "k"]
[BlackTitle "II+"]
[WhiteElo "1961"]
[BlackElo "1625"]

1. e4 c5 2. Nf3 Nc6 3. d4 cxd4 4. Nxd4 e5 5. Ne2 Nf6 6. Nbc3 Bc5 7. Ng3 Qb6 8.
Qf3 Nd4 9. Qd3 d5 10. Nxd5 Nxd5 11. exd5 Bd7 12. a4 O-O 13. Be2 f5 14. a5 Qd6
15. c4 Bb4+ 16. Kf1 f4 17. Ne4 Qg6 18. Bf3 Bf5 19. b3 Nxf3 20. gxf3 Bh3+ 21. Ke2
Bg2 22. Rd1 Rad8 23. Bb2 Rfe8 24. Ra4 Bf8 25. c5 Kh8 26. d6 Bh3 27. Qb1 Bd7 28.
Rb4 Bc6 29. Rg1 Qe6 30. Ng5 Qg8 31. Qf5 Rd7 32. Rg4 g6 33. Qxf4 Bg7 34. Qe3 h6
35. Ne4 Qf7 36. Ke1 Kh7 37. h4 Qf5 38. Rg3 a6 39. Nc3 Bf6 40. Rbg4 Rg7 41. Bc1
g5 42. Ne4 Bd8 43. b4 Rg6 44. hxg5 hxg5 45. Nxg5+ Bxg5 46. Rxg5 Rxg5 47. Rxg5
Qf7 48. Rg4 Qh5 49. Rg5 Qh1+ 50. Kd2 Qh6 51. Bb2 Bxf3 52. Bxe5 Rg8 53. Rxg8 1-0

[Event "9. Miedzynardowy Turniej Klubu Polonia Wroclaw<br/>Turniej OPEN"]
[Site "Wroclaw"]
[Date "2014-07-05"]
[Round "3.22"]
[White "Rostolis, Riccardo"]
[Black "Bebel, Agnieszka"]
[Result "1-0"]
[WhiteTitle ""]
[BlackTitle "I"]
[WhiteElo "1870"]
[BlackElo "1524"]

1. e4 c5 2. Nf3 e6 3. d4 cxd4 4. Nxd4 a6 5. Nc3 Qc7 6. Bd3 Nf6 7. O-O Nc6 8. Nb3
Be7 9. f4 O-O 10. e5 Ne8 11. a4 b6 12. Be3 d6 13. exd6 Nxd6 14. Qe1 Rb8 15. Nd4
Nb4 16. Qf2 Bd7 17. Be2 Rfc8 18. Rad1 f5 19. g4 g6 20. gxf5 exf5 21. Bf3 Qc4 22.
Qg2 Kf8 23. Qh3 Kg7 24. Qg2 Kf8 25. Rfe1 Re8 26. Nd5 Ne4 27. Bxe4 fxe4 28. Nxe7
Rxe7 29. b3 Qc3 30. f5 Kg7 31. fxg6 Qc7 32. Qg5 Qe5 33. Qh6+ Kg8 34. Bf4 Qg7 35.
Qxg7+ Rxg7 36. Bxb8 Rxg6+ 37. Bg3 Bg4 38. Rd2 Bf3 39. Nxf3 exf3 40. Kf2 Rc6 41.
c4 1-0

[Event "9. Miedzynardowy Turniej Klubu Polonia Wroclaw<br/>Turniej OPEN"]
[Site "Wroclaw"]
[Date "2014-07-05"]
[Round "3.23"]
[White "Daniel, Damian"]
[Black "Kalinowska, Karolina"]
[Result "1-0"]
[WhiteTitle "I"]
[BlackTitle "I"]
[WhiteElo "1869"]
[BlackElo "1515"]

1. d4 d5 2. c4 e6 3. Nc3 Nf6 4. Bf4 c6 5. c5 Be7 6. e3 O-O 7. Bd3 Nbd7 8. Nf3 Re8
9. h3 Nf8 10. b4 b6 11. Ne5 Bb7 12. O-O N6d7 13. Qh5 Nxe5 14. Bxe5 Bf6 15. f4
Be7 16. f5 f6 17. Bg3 bxc5 18. bxc5 e5 19. Rab1 Qa5 20. Nxd5 cxd5 21. Rxb7 exd4
22. Bd6 Qd2 23. Bb5 Qxe3+ 24. Kh1 g6 25. fxg6 hxg6 26. Qxd5+ Kg7 27. Bxe7 Rxe7
28. Rxe7+ Qxe7 29. Qxa8 1-0

[Event "9. Miedzynardowy Turniej Klubu Polonia Wroclaw<br/>Turniej OPEN"]
[Site "Wroclaw"]
[Date "2014-07-05"]
[Round "3.24"]
[White "Paczka, Patryk"]
[Black "Rossienik, Wieslaw"]
[Result "1-0"]
[WhiteTitle "II+"]
[BlackTitle "II"]
[WhiteElo "1815"]
[BlackElo "1498"]

1. e4 c5 2. Nf3 Nc6 3. d4 cxd4 4. Nxd4 Nf6 5. Nc3 d6 6. Bg5 e6 7. Qd2 a6 8. O-O-O
h6 9. Bh4 Be7 10. f4 Bd7 11. Kb1 Qc7 12. Be2 b5 13. Bxf6 gxf6 14. Bh5 Nxd4 15.
Qxd4 Bc6 16. Rhe1 Rd8 17. f5 e5 18. Qe3 Bf8 19. a3 Bb7 20. Nd5 Bxd5 21. Rxd5 Rc8
22. Qd2 Qb7 23. Re3 Rc4 24. b3 Rc8 25. Rc3 Rxc3 26. Qxc3 Be7 27. Qb4 Qc6 28. a4
O-O 29. axb5 axb5 30. Rxb5 Rc8 31. Bd1 d5 32. exd5 Qd7 33. Qa4 Qc7 34. Qa5 Qd7
35. Qa4 Qc7 36. Ra5 Qc3 37. Ra8 Rxa8 38. Qxa8+ Kg7 39. Qa6 e4 40. d6 Bd8 41. Qe2
Qd4 42. Qe1 Kh7 43. c3 Qxd6 44. Bc2 Qxh2 45. Bxe4 Qe5 46. Qe3 Qb5 47. Kb2 Bb6
48. Qd3 Qe8 49. b4 Bc7 50. Kb3 Be5 51. Qc4 Kg7 52. Bd5 Qe7 53. Qc6 Bd6 54. Qb7
Bc7 55. c4 Qd6 56. Ka4 Qe5 57. Kb5 h5 58. Qc6 Kh6 59. Qd7 Kg5 60. Qxf7 Qd6 61.
Qe6 Qd8 62. Qg8+ Qxg8 63. Bxg8 Kxf5 64. Kc6 Be5 65. b5 Kg4 66. b6 Kg3 67. Bd5
h4 68. Kd7 h3 69. gxh3 Kxh3 70. c5 1-0

[Event "9. Miedzynardowy Turniej Klubu Polonia Wroclaw<br/>Turniej OPEN"]
[Site "Wroclaw"]
[Date "2014-07-05"]
[Round "3.25"]
[White "Kaczmarczyk, Jakub"]
[Black "Wasylkiewicz, Andrzej"]
[Result "1/2-1/2"]
[WhiteTitle "II"]
[BlackTitle "I"]
[WhiteElo "1506"]
[BlackElo "1785"]

1. Nf3 d5 2. d4 Bf5 3. e3 Nf6 4. Bd3 Bg4 5. Nbd2 e6 6. c4 Nbd7 7. Qc2 c6 8. c5
Qc7 9. b4 a6 10. h3 Bh5 11. Bb2 Be7 12. O-O Bg6 13. Bxg6 hxg6 14. a4 Nh5 15. Ne5
g5 16. f4 gxf4 17. exf4 g6 18. Ndf3 1/2-1/2

[Event "9. Miedzynardowy Turniej Klubu Polonia Wroclaw<br/>Turniej OPEN"]
[Site "Wroclaw"]
[Date "2014-07-05"]
[Round "3.26"]
[White "Kowalczyk, Mateusz"]
[Black "Nowak, Kamil"]
[Result "1/2-1/2"]
[WhiteTitle "II+"]
[BlackTitle "I"]
[WhiteElo "1608"]
[BlackElo "1833"]

1. e4 e6 2. d4 d5 3. Nc3 Bb4 4. e5 c5 5. a3 Bxc3+ 6. bxc3 Ne7 7. h4 Nbc6 8. Nf3
Qa5 9. Bd2 Qa4 10. h5 h6 11. Bd3 c4 12. Be2 Bd7 13. Nh4 O-O-O 14. O-O g5 15. Nf3
Rdf8 16. Nh2 f5 17. exf6 Ng8 18. Ng4 Nxf6 19. Nxf6 Rxf6 20. f4 gxf4 21. Bxf4 Qa5
22. Qd2 1/2-1/2

[Event "9. Miedzynardowy Turniej Klubu Polonia Wroclaw<br/>Turniej OPEN"]
[Site "Wroclaw"]
[Date "2014-07-05"]
[Round "3.27"]
[White "Korpalski, Maciej"]
[Black "Lipski, Lukasz"]
[Result "1-0"]
[WhiteTitle "II+"]
[BlackTitle "II+"]
[WhiteElo "1745"]
[BlackElo "1595"]

1. e4 c6 2. d4 d5 3. Nc3 dxe4 4. Nxe4 Bf5 5. Ng3 Bg6 6. Nf3 Nd7 7. h4 h6 8. h5
Bh7 9. Bd3 Bxd3 10. Qxd3 Ngf6 11. Bd2 e6 12. O-O-O Qc7 13. c4 O-O-O 14. Bc3 Bd6
15. Ne4 Nxe4 16. Qxe4 Nf6 17. Qe2 Qb6 18. Kb1 Bb4 19. Bxb4 Qxb4 20. Ne5 Rhf8 21.
Rh3 Nd7 22. Rb3 Qe7 23. Nf3 Qf6 24. Qc2 c5 25. Qe4 Nb6 26. Rc1 cxd4 27. c5 Nd5
28. Nxd4 Qf4 29. Qxf4 Nxf4 30. Nb5 Kb8 31. c6 bxc6 32. Rxc6 Rd3 33. Rb4 Nd5 34.
Ra4 Kb7 35. Rca6 Rd2 36. Rxa7+ Kb6 37. Nd6 Rxf2 38. R4a6+ Kc5 39. Ne4+ 1-0

[Event "9. Miedzynardowy Turniej Klubu Polonia Wroclaw<br/>Turniej OPEN"]
[Site "Wroclaw"]
[Date "2014-07-05"]
[Round "3.28"]
[White "Marko, Piotr"]
[Black "Dytman, Radoslaw"]
[Result "1-0"]
[WhiteTitle "II"]
[BlackTitle "II"]
[WhiteElo "1628"]
[BlackElo "1231"]

1. e4 e5 2. Nf3 Nc6 3. Bb5 a6 4. Bxc6 dxc6 5. d4 Bg4 6. dxe5 Qxd1+ 7. Kxd1 Bc5
8. Ke2 O-O-O 9. Nc3 Bd4 10. Nd1 Bxe5 11. Ne3 Bxf3+ 12. gxf3 Nf6 13. Nc4 Rhe8 14.
Nxe5 Rxe5 15. b3 Nd5 16. Rg1 g6 17. Bb2 Re6 18. c4 Nb4 19. Bc3 c5 20. a3 Nc2 21.
Rac1 Nd4+ 22. Bxd4 cxd4 23. Rg5 c6 24. c5 f6 25. Rg3 Kc7 26. Kd3 Re5 27. Rc4 Rh5
28. h3 Rd7 29. b4 b6 30. cxb6+ Kxb6 31. Rxd4 Rxd4+ 32. Kxd4 Kb5 33. f4 a5 34.
bxa5 Kxa5 35. e5 fxe5+ 36. fxe5 c5+ 37. Kd5 Rf5 38. Re3 Kb5 39. Kd6 Rxf2 40. e6
Rd2+ 41. Kc7 Rf2 42. e7 Rf7 43. Kd6 Rf6+ 44. Ke5 Rf5+ 45. Ke6 Rf8 46. exf8=Q h5
47. Qb8+ Ka4 48. Re5 Kxa3 49. Rxc5 Ka4 50. Qb6 h4 51. Ra5# 1-0

[Event "9. Miedzynardowy Turniej Klubu Polonia Wroclaw<br/>Turniej OPEN"]
[Site "Wroclaw"]
[Date "2014-07-05"]
[Round "3.29"]
[White "Ilnicki, Tomasz"]
[Black "Dadello, Barbara"]
[Result "1-0"]
[WhiteTitle "II"]
[BlackTitle "II+"]
[WhiteElo "1449"]
[BlackElo "1172"]

1. e4 c5 2. Nf3 d6 3. d4 cxd4 4. Nxd4 Nf6 5. Nc3 a6 6. f3 e5 7. Nf5 Bxf5 8. exf5
Be7 9. g4 Nc6 10. Be3 O-O 11. Qd2 Qc7 12. g5 Nd7 13. Nd5 Qd8 14. f6 gxf6 15. gxf6
Nxf6 16. Bh6 Kh8 17. Bxf8 Qxf8 18. Nxe7 Qxe7 19. O-O-O d5 20. Rg1 Rg8 21. Bh3
Nd4 22. Qe3 Nc6 23. Rxg8+ Kxg8 24. Qh6 Ne8 25. Rg1+ Kh8 26. Bf5 f6 27. Bxh7 1-0

[Event "9. Miedzynardowy Turniej Klubu Polonia Wroclaw<br/>Turniej OPEN"]
[Site "Wroclaw"]
[Date "2014-07-05"]
[Round "3.30"]
[White "Molenda, Maja"]
[Black "Gajewski, Zbigniew"]
[Result "1-0"]
[WhiteTitle "II"]
[BlackTitle "II"]
[WhiteElo "1114"]
[BlackElo "1427"]

1. e4 g6 2. d4 d6 3. Nf3 Bg7 4. Bc4 Nf6 5. Nc3 O-O 6. O-O c6 7. Bg5 Nbd7 8. a4
a6 9. Bb3 h6 10. Bxf6 Nxf6 11. e5 Ne8 12. Re1 d5 13. Ne2 e6 14. c4 Bd7 15. c5
Rb8 16. Qd3 g5 17. Bc2 f6 18. Qh7+ Kf7 19. Bg6+ Ke7 20. Bxe8 Bxe8 21. Qxg7+ Rf7
22. exf6+ Kd7 23. Ne5+ 1-0

[Event "9. Miedzynardowy Turniej Klubu Polonia Wroclaw<br/>Turniej OPEN"]
[Site "Wroclaw"]
[Date "2014-07-05"]
[Round "4.1"]
[White "Koszkul, Wojciech"]
[Black "Kowalczyk, Rafal"]
[Result "0-1"]
[WhiteTitle "I+"]
[BlackTitle "k"]
[WhiteElo "1987"]
[BlackElo "2200"]

1. d4 d5 2. Nf3 Nf6 3. e3 e6 4. c4 dxc4 5. Bxc4 a6 6. Nc3 c5 7. O-O Nc6 8. a3 b5
9. Bd3 cxd4 10. exd4 Be7 11. Be3 Bb7 12. a4 b4 13. Ne4 Na5 14. Nc5 Bxc5 15. dxc5
Qd5 16. Qc2 Qh5 17. Be2 Be4 18. Qd2 Nb3 19. Qd6 Rd8 20. Qxa6 Nxa1 21. Nd2 Qd5
22. Bb5+ Kf8 23. Nxe4 Nxe4 24. Rxa1 Nxc5 25. Qa5 Ne4 26. Qxb4+ Kg8 27. a5 h5 28.
Be2 Kh7 29. f3 Nd6 30. Rd1 Qe5 31. Bd3+ Nf5 32. Bf2 Rb8 33. Qh4 Rxb2 34. Bd4 g6
35. Qxh5+ gxh5 36. Bxe5 Ra2 37. g4 Rg8 38. Kh1 hxg4 39. fxg4 Rxg4 40. a6 Kh6 41.
Ra1 Rga4 42. Re1 Nd4 43. Bb8 Ra1 44. Rxa1 Rxa1+ 45. Kg2 Ra2+ 46. Kf1 Nc6 47. Bd6
Kg5 48. Bb5 Nd4 49. Bc4 Ra4 50. Bd3 Kg4 51. Bb8 Kf3 52. Bg3 Ra1+ 53. Be1 Ke3 54.
Bh7 Nf3 0-1

[Event "9. Miedzynardowy Turniej Klubu Polonia Wroclaw<br/>Turniej OPEN"]
[Site "Wroclaw"]
[Date "2014-07-05"]
[Round "4.2"]
[White "Grabarczyk, Miroslaw"]
[Black "Kanicki, Krzysztof"]
[Result "1-0"]
[WhiteTitle "GM"]
[BlackTitle "I"]
[WhiteElo "2469"]
[BlackElo "2028"]

1. d4 d5 2. c4 c6 3. Nf3 Nf6 4. e3 e6 5. Nbd2 Nbd7 6. b3 Bd6 7. Bb2 O-O 8. Bd3
b6 9. O-O Bb7 10. Qe2 c5 11. e4 dxe4 12. Nxe4 Nxe4 13. Bxe4 Bxe4 14. Qxe4 Nf6
15. Qe2 cxd4 16. Nxd4 a6 17. Rad1 Qc7 18. g3 Rad8 19. Rd3 Bc5 20. Rfd1 Rd7 21.
a3 Rfd8 22. b4 Bf8 23. R3d2 Qb7 24. Nf3 Rxd2 25. Rxd2 Rxd2 26. Nxd2 Be7 27. Qf3
Qxf3 28. Nxf3 Kf8 29. Ne5 Ke8 30. f3 h5 31. Kf2 g6 32. Bd4 Bd8 33. Nc6 Nd7 34.
f4 Bc7 35. Kf3 Bd6 36. h3 Bc7 37. Be5 Bd8 38. Bd4 Bc7 39. g4 hxg4+ 40. hxg4 Bd6
41. Be5 Bf8 42. Bd4 Bd6 43. g5 Bc7 44. Ke4 Bd6 45. Be5 Be7 46. Kd3 Bf8 47. Kd4
Be7 48. Nxe7 Kxe7 49. c5 bxc5+ 50. bxc5 Kd8 51. c6 Nb6 52. Kc5 Nd5 53. Kd6 Kc8
54. c7 Nxc7 55. Ke7 Nd5+ 56. Kxf7 Kd7 57. Kxg6 Ke8 58. Kg7 Ke7 59. g6 Ne3 60.
Kh8 1-0

[Event "9. Miedzynardowy Turniej Klubu Polonia Wroclaw<br/>Turniej OPEN"]
[Site "Wroclaw"]
[Date "2014-07-05"]
[Round "4.3"]
[White "Kubien, Jerzy"]
[Black "Weichhold, Pawel"]
[Result "1-0"]
[WhiteTitle "FM"]
[BlackTitle "m"]
[WhiteElo "2185"]
[BlackElo "2402"]

1. Nf3 g6 2. e4 Bg7 3. d4 c5 4. dxc5 Qa5+ 5. c3 Qxc5 6. Be3 Qa5 7. Nbd2 Nf6 8.
h3 O-O 9. Nc4 Qc7 10. e5 Ne8 11. a4 Nc6 12. Qd5 e6 13. Qb5 f6 14. Bc5 Rf7 15.
Nd6 Nxd6 16. Bxd6 Qd8 17. Bd3 fxe5 18. O-O Bf8 19. Bxf8 Qxf8 20. Ng5 Re7 21. c4
d6 22. Rad1 Nd4 23. Qb4 Rc7 24. Rfe1 a5 25. Qa3 b6 26. Be4 Rb8 27. b3 h6 28. Nf3
Nxf3+ 29. Bxf3 Rc5 30. Re3 Bb7 31. Qb2 Bxf3 32. Rxf3 Qe7 33. Rfd3 Rd8 34. Qd2
d5 35. Qxh6 Qg7 36. Qg5 Rd7 37. Qg4 Rd6 38. Rg3 Kh7 39. Qh4+ Kg8 40. Qg5 Kh7 41.
h4 e4 42. h5 d4 43. hxg6+ Kg8 44. Qf4 e5 45. Qxe4 Rc8 46. Rg5 Re8 47. Rd3 Rde6
48. Rh3 Rf8 49. Rgh5 1-0

[Event "9. Miedzynardowy Turniej Klubu Polonia Wroclaw<br/>Turniej OPEN"]
[Site "Wroclaw"]
[Date "2014-07-05"]
[Round "4.4"]
[White "Khamidov, Komil"]
[Black "Zeberski, Jakub"]
[Result "0-1"]
[WhiteTitle "I++"]
[BlackTitle "IM"]
[WhiteElo "2098"]
[BlackElo "2348"]

1. e4 e5 2. Nf3 Nc6 3. Bc4 Nf6 4. Ng5 d5 5. exd5 Na5 6. Bb5+ c6 7. dxc6 bxc6 8.
Be2 h6 9. Nf3 e4 10. Ne5 Bd6 11. d4 exd3 12. Nxd3 Qc7 13. b3 O-O 14. Bb2 Ne4 15.
Nc3 Nxc3 16. Bxc3 c5 17. Qd2 Nc6 18. h3 Be6 19. O-O c4 20. bxc4 Bxc4 21. Rfe1
Rad8 22. Qe3 Rfe8 23. Qf3 Bd5 24. Qg4 f5 25. Qa4 Re4 26. Qb5 Bh2+ 27. Kh1 Rh4
28. f3 a6 29. Qxa6 Bg3 30. Reb1 Qe7 31. Rb7 Bc7 32. Nf2 Nb8 33. Rxc7 Qxc7 34.
Qa5 Qxa5 35. Bxa5 Rc8 36. Bd3 Ra4 37. Bd2 g6 38. a3 Bc4 39. Bb4 Na6 40. Bd6 Rc6
41. Be5 Bxd3 42. cxd3 Rc2 43. Nd1 Ra5 44. d4 Nb4 45. Ne3 Rc3 46. Rb1 Nc6 47. Nd1
Rcxa3 48. Bc7 Ra1 49. Nc3 Rxb1+ 50. Nxb1 Ra1 51. d5 Rxb1+ 52. Kh2 Na7 53. d6 Rd1
0-1

[Event "9. Miedzynardowy Turniej Klubu Polonia Wroclaw<br/>Turniej OPEN"]
[Site "Wroclaw"]
[Date "2014-07-05"]
[Round "4.5"]
[White "Dobrowolski, Aleksander"]
[Black "Piotrowski, Przemyslaw"]
[Result "0-1"]
[WhiteTitle "m"]
[BlackTitle "k"]
[WhiteElo "2281"]
[BlackElo "2132"]

1. e4 c5 2. Nf3 d6 3. d4 cxd4 4. Nxd4 Nf6 5. Nc3 Nc6 6. Bg5 e6 7. Qd2 a6 8. O-O-O
Bd7 9. f4 b5 10. Bxf6 gxf6 11. Kb1 Qb6 12. Nxc6 Bxc6 13. Qe1 Ra7 14. Bd3 Qc5 15.
Qh4 Be7 16. Qh6 b4 17. Ne2 d5 18. Qg7 Rf8 19. Ng3 d4 20. Rhe1 a5 21. e5 f5 22.
Bxf5 exf5 23. Nxf5 Rd7 24. Nd6+ Kd8 25. Nxf7+ Kc7 26. e6 Rd5 27. g4 Kb6 28. Ne5
Bf6 29. Nc4+ Ka6 30. Qh6 Be7 31. b3 Rf6 32. Qxh7 Rxf4 33. Rf1 0-1

[Event "9. Miedzynardowy Turniej Klubu Polonia Wroclaw<br/>Turniej OPEN"]
[Site "Wroclaw"]
[Date "2014-07-05"]
[Round "4.6"]
[White "Reza, Wojciech"]
[Black "Kolasinski, Krzysztof"]
[Result "1-0"]
[WhiteTitle "I++"]
[BlackTitle "I++"]
[WhiteElo "2168"]
[BlackElo "1991"]

1. e4 c5 2. Nf3 Nc6 3. d4 cxd4 4. Nxd4 e5 5. Nb5 d6 6. N1c3 a6 7. Na3 Be7 8. Nc4
b5 9. Ne3 Nf6 10. f3 O-O 11. a4 b4 12. Ncd5 Nxd5 13. Nxd5 Bg5 14. Bxg5 Qxg5 15.
Qd2 Qxd2+ 16. Kxd2 a5 17. c3 Be6 18. Bc4 Rab8 19. Kd3 Bxd5 20. Bxd5 Ne7 21. Bc4
Rfd8 22. Rhd1 Kf8 23. Rac1 Nc8 24. g3 Nb6 25. Bb3 Nd7 26. Kc2 Nc5 27. Bd5 bxc3
28. bxc3 Rb6 29. Rb1 Rdb8 30. Rxb6 Rxb6 31. Bc4 Ke7 32. Bb5 g6 33. Kd2 f5 34.
exf5 gxf5 35. Ke3 Kf6 36. f4 h6 37. fxe5+ Kxe5 38. c4 Ne4 39. Rd5+ Ke6 40. g4
Nf6 41. gxf5+ Ke7 42. Rd4 Rb8 43. Rh4 h5 44. Kd4 Rg8 45. c5 Rg5 46. Bd3 dxc5+
47. Kxc5 Nd7+ 48. Kb5 Ne5 49. Be4 Kd6 50. Kxa5 Kc5 51. Ka6 Nf7 52. Bf3 Rxf5 53.
Rxh5 Rxh5 54. Bxh5 Kb4 55. Bxf7 1-0

[Event "9. Miedzynardowy Turniej Klubu Polonia Wroclaw<br/>Turniej OPEN"]
[Site "Wroclaw"]
[Date "2014-07-05"]
[Round "4.7"]
[White "Kowalczyk, Mariusz"]
[Black "Janocha, Wieslaw"]
[Result "1/2-1/2"]
[WhiteTitle "I"]
[BlackTitle "FM"]
[WhiteElo "1987"]
[BlackElo "2291"]

1. e4 e5 2. Nc3 Nf6 3. f4 d5 4. fxe5 Nxe4 5. Nf3 Nc6 6. d3 Nxc3 7. bxc3 d4 8. Be2
Bc5 9. Bg5 f6 10. exf6 gxf6 11. cxd4 Nxd4 12. Bh4 O-O 13. c3 Nxe2 14. Kxe2 Re8+
15. Kf1 Be3 16. d4 Be6 17. Qd3 b5 18. Qxb5 Qd5 19. Qxd5 Bxd5 20. Bf2 Bc4+ 21.
Kg1 Bxf2+ 22. Kxf2 Re2+ 23. Kg3 Kf7 24. Rhg1 Rg8+ 25. Kf4 Rgxg2 26. Rxg2 Rxg2
27. Rb1 Bd5 28. c4 Bxc4 29. Rb7 Ke6 30. Rxc7 Bd5 31. Rxa7 h5 32. Ra6+ Ke7 33.
Ra7+ Ke6 34. Ra6+ 1/2-1/2

[Event "9. Miedzynardowy Turniej Klubu Polonia Wroclaw<br/>Turniej OPEN"]
[Site "Wroclaw"]
[Date "2014-07-05"]
[Round "4.8"]
[White "Grossmann, Ryszard"]
[Black "Kulas, Szymon"]
[Result "1/2-1/2"]
[WhiteTitle "FM"]
[BlackTitle "I++"]
[WhiteElo "2150"]
[BlackElo "2005"]

1. d4 Nf6 2. Nf3 g6 3. c4 Bg7 4. Nc3 O-O 5. e4 d6 6. Be2 Bg4 7. O-O Nfd7 8. Be3
Nc6 9. d5 Bxf3 10. Bxf3 Na5 11. Be2 Bxc3 12. bxc3 e5 13. g3 Qe7 14. Rb1 b6 15.
Kg2 Nb7 16. h4 Nbc5 17. Qc2 f6 18. h5 f5 19. hxg6 f4 20. gxh7+ Qxh7 21. Bxc5 Nxc5
22. Bf3 Rf6 23. Rh1 Qg7 24. g4 Kf7 25. Rh5 Rh8 26. Kf1 Rg6 27. Rxh8 Qxh8 28. Ke2
Rh6 29. Rg1 Rh2 30. Qb1 Qh4 31. Rf1 a6 32. Qe1 Kg6 33. Rh1 Rxh1 34. Bxh1 Qxg4+
35. Bf3 Qh4 36. Qg1+ Kf7 37. Kd2 Kf6 38. Kc2 Kf7 39. Qg2 1/2-1/2

[Event "9. Miedzynardowy Turniej Klubu Polonia Wroclaw<br/>Turniej OPEN"]
[Site "Wroclaw"]
[Date "2014-07-05"]
[Round "4.9"]
[White "Wozniak, Mariola"]
[Black "Krokay, Urszula"]
[Result "0-1"]
[WhiteTitle "WCM"]
[BlackTitle "k"]
[WhiteElo "2092"]
[BlackElo "1961"]

1. e4 e5 2. Nf3 Nc6 3. Bb5 a6 4. Ba4 Nf6 5. O-O Be7 6. Re1 b5 7. Bb3 O-O 8. c3
d5 9. exd5 Nxd5 10. Nxe5 Nxe5 11. Rxe5 c6 12. d4 Bd6 13. Re1 Qh4 14. g3 Qh3 15.
Qe2 Bg4 16. Qf1 Qh5 17. Bd1 Bxd1 18. Rxd1 Rae8 19. a4 f5 20. axb5 f4 21. Rd3 fxg3
22. hxg3 Nf6 23. Be3 Ng4 24. Qg2 Nxe3 25. Rxe3 Rxe3 26. fxe3 Qd1+ 27. Kh2 Rf6
0-1

[Event "9. Miedzynardowy Turniej Klubu Polonia Wroclaw<br/>Turniej OPEN"]
[Site "Wroclaw"]
[Date "2014-07-05"]
[Round "4.10"]
[White "Somyk, Marcin"]
[Black "Oszczanowski, Witold"]
[Result "1/2-1/2"]
[WhiteTitle "I++"]
[BlackTitle "I++"]
[WhiteElo "1965"]
[BlackElo "2086"]

1. d4 Nf6 2. c4 Nc6 3. Nc3 e5 4. d5 Ne7 5. Nf3 Ng6 6. h4 e4 7. h5 exf3 8. hxg6
fxg6 9. exf3 Bc5 10. Bd3 O-O 11. Bg5 Re8+ 12. Kf1 d6 13. Qc2 Qe7 14. Rxh7 Kxh7
15. Bxg6+ Kg8 16. Bxe8 Qxe8 17. Bxf6 gxf6 18. Re1 Qf7 19. Qe4 Bd7 20. Qf4 f5 21.
Qg5+ Kf8 22. Qh6+ Kg8 23. Qg5+ Kf8 24. Qh6+ Kg8 25. Qg5+ Kf8 26. Qh6+ 1/2-1/2

[Event "9. Miedzynardowy Turniej Klubu Polonia Wroclaw<br/>Turniej OPEN"]
[Site "Wroclaw"]
[Date "2014-07-05"]
[Round "4.11"]
[White "Teclaf, Pawel"]
[Black "Guzewicz, Rafal"]
[Result "1/2-1/2"]
[WhiteTitle "CM"]
[BlackTitle "I+"]
[WhiteElo "1920"]
[BlackElo "2076"]

1. e4 c6 2. d4 d5 3. e5 c5 4. dxc5 e6 5. Qg4 h5 6. Qg3 h4 7. Qg4 Nh6 8. Bxh6 Rxh6
9. Nf3 f5 10. exf6 Qxf6 11. Nc3 Bd7 12. O-O-O Nc6 13. Bb5 O-O-O 14. Rhe1 Bxc5
15. Bxc6 Bxc6 16. Ne5 Bxf2 17. Re2 Bb6 18. Rde1 Bc7 19. Kb1 Bxe5 20. Rxe5 Rg6
21. Qh3 Bd7 22. Nb5 Kb8 23. Nd4 Qf2 24. c3 Rf8 25. R5e2 Qf6 26. Nf3 Rh6 27. Re5
Qg6+ 28. Ka1 Qd3 29. Qg4 Rg6 30. Qb4 Rgf6 31. Qd6+ Kc8 32. Qc5+ Kb8 33. Qd6+ Kc8
34. Qc5+ 1/2-1/2

[Event "9. Miedzynardowy Turniej Klubu Polonia Wroclaw<br/>Turniej OPEN"]
[Site "Wroclaw"]
[Date "2014-07-05"]
[Round "4.12"]
[White "Szczepaniak, Lukasz"]
[Black "Dadello, Aleksandra"]
[Result "1-0"]
[WhiteTitle "I+"]
[BlackTitle "I++"]
[WhiteElo "2055"]
[BlackElo "1880"]

1. c4 e5 2. Nc3 Nf6 3. g3 Bb4 4. Bg2 Nc6 5. e3 O-O 6. Nge2 Re8 7. O-O d6 8. a3
Bxc3 9. Nxc3 Ne7 10. Qb3 c6 11. e4 c5 12. d3 Nc6 13. Bg5 Nd4 14. Qd1 h6 15. Be3
Bd7 16. b4 b6 17. Ne2 Nh7 18. Nxd4 cxd4 19. Bd2 Rc8 20. b5 Nf8 21. Bb4 Qc7 22.
a4 Ne6 23. Bh3 Nc5 24. Bxd7 Qxd7 25. a5 Ra8 26. Bxc5 dxc5 27. Qb3 f5 28. f3 fxe4
29. fxe4 Rf8 30. Qd1 Rxf1+ 31. Qxf1 Rf8 32. Qe2 Qe7 33. axb6 axb6 34. Ra6 Qf6
35. Kg2 Kh7 36. h4 Kg8 37. Ra7 Kh7 38. Rc7 Qd8 39. Rc6 Rf6 40. Qg4 Qf8 41. Rxf6
gxf6 42. Qe6 Qg7 43. Qxb6 Qg4 44. Qxf6 Qe2+ 45. Kh3 h5 46. Qf5+ Kg8 47. b6 Qd1
48. Kg2 Qe2+ 49. Kh3 Qd1 50. Kh2 Qc2+ 51. Kg1 Qb1+ 52. Kg2 Qc2+ 53. Kg1 Qb1+ 54.
Qf1 Qxb6 55. Qd1 Qh6 56. Kg2 Kg7 57. Qe2 Kg8 58. Qf2 Qc1 59. Qf3 Qh6 60. Kh3 Qe6+
61. Kg2 Qh6 62. g4 Qd2+ 63. Kg3 Qe1+ 64. Qf2 Qd1 65. Qf3 Qe1+ 66. Kh3 Qe3 67.
Qg3 hxg4+ 68. Kxg4 Qe2+ 69. Kf5+ Kf8 70. Kxe5 Qh5+ 71. Kd6 Kf7 72. Qf4+ 1-0

[Event "9. Miedzynardowy Turniej Klubu Polonia Wroclaw<br/>Turniej OPEN"]
[Site "Wroclaw"]
[Date "2014-07-05"]
[Round "4.13"]
[White "Szybka, Andrzej"]
[Black "Rostolis, Riccardo"]
[Result "1-0"]
[WhiteTitle "I++"]
[BlackTitle ""]
[WhiteElo "2027"]
[BlackElo "1870"]

1. e4 c5 2. Nf3 Nc6 3. d4 cxd4 4. Nxd4 Nf6 5. Nc3 e5 6. Ndb5 d6 7. Bg5 a6 8. Bxf6
gxf6 9. Na3 b5 10. Nd5 f5 11. c3 Bg7 12. exf5 Bxf5 13. Nc2 Be6 14. Nce3 Ne7 15.
a4 O-O 16. Be2 f5 17. axb5 Nxd5 18. Nxd5 axb5 19. Rxa8 Qxa8 20. Nc7 Qa2 21. O-O
Bb3 22. Qd2 b4 23. cxb4 e4 24. b5 Bf7 25. b6 Qxb2 26. Qxb2 Bxb2 27. Rb1 Bd4 28.
b7 Ba7 29. Na6 Bb8 30. Rc1 Be6 31. Nxb8 Rxb8 32. Ba6 1-0

[Event "9. Miedzynardowy Turniej Klubu Polonia Wroclaw<br/>Turniej OPEN"]
[Site "Wroclaw"]
[Date "2014-07-05"]
[Round "4.14"]
[White "Grela, Kacper"]
[Black "Daniel, Damian"]
[Result "0-1"]
[WhiteTitle "I+"]
[BlackTitle "I"]
[WhiteElo "2007"]
[BlackElo "1869"]

1. e4 c6 2. d4 d5 3. Nc3 dxe4 4. Nxe4 Nd7 5. Nf3 Ngf6 6. Ng3 e6 7. Bd3 Bd6 8. O-O
Qc7 9. Qe2 O-O 10. c4 c5 11. Rd1 Re8 12. Bc2 cxd4 13. Nxd4 a6 14. b3 b6 15. Bb2
Bb7 16. Nf3 Rad8 17. a3 e5 18. Ng5 e4 19. b4 e3 20. Rxd6 exf2+ 21. Qxf2 Qxd6 22.
Rd1 Qc7 23. Bxh7+ Kf8 24. Bc2 Ne5 25. Rf1 Neg4 26. Qf5 Rd2 27. Nh7+ Kg8 28. Nxf6+
Nxf6 29. Rf2 Rxf2 30. Kxf2 Qc6 31. Qf3 Ng4+ 32. Kg1 Re1+ 33. Nf1 Qxf3 34. gxf3
Nxh2 35. Bd3 Nxf1 36. Bxf1 Re3 37. Bd4 Rxa3 38. Bxb6 Bxf3 39. c5 Bc6 40. Ba5 Bb5
41. Bxb5 axb5 42. c6 Rc3 43. c7 Kf8 44. Bb6 Ke8 0-1